LEADER 02326nam a2200457 u 4500 001 000000079025 003 CaOOAMICUS 005 20170504131908.0 008 040521m20039999it u000 u ita r 020 $a8842531693 020 $a978-88-425-4308-4 (v. 2) 032 $aLibriCat 035 $a10996233 040 $aPUL$bita 100 1 $aPareyson, Luigi,$d1918-1991.$0(OLS)http://pul/name/5784 245 10$aEstetica dell'idealismo tedesco /$cLuigi Pareyson ; a cura di Marco Ravera. 260 $aMilano :$bMursia,$c©2003- 300 $av. < 2-3 > ;$c22 cm. 490 1 $aLuigi Pareyson. Opere complete ;$v08-09 500 $aV. 2. Fichte e Novalis / a cura di Gianluca Garelli e Federico Vercellone. -- v. 3. Goethe e Schelling. 500 $aIn calce all'occhietto: Centro studi filosofico-religiosi Luigi Pareyson. 600 14$aGoethe, Johann Wolfgang von,$d1749-1832.$0(OLS)http://pul/subject/12977 600 14$aSchelling, Friedrich Wilhelm Joseph von,$d1775-1854.$0(OLS)http://pul/subject/2122 700 1 $aRavera, Marco,$d1949-$0(OLS)http://pul/name/34512 700 1 $aGarelli, Gianluca.$0(OLS)http://pul/name/70123 700 1 $aVercellone, Federico.$0(OLS)http://pul/name/40717 710 2 $aCentro studi filosofico-religiosi Luigi Pareyson.$0(OLS)http://pul/name/79188 740 02$aGoethe e Schelling. 740 02$aFichte e Novalis. 800 1 $aPareyson, Luigi,$d1918-1991.$tOpere complete ;$v08-09.$0(OLS)http://pul/nameTitle/824$0(OLS)http://pul/name/5784$0(OLS)http://pul/title/142771 850 $aPUL 852 $aPUL$W1$xSL Filosofia 1$y2$m86 I 32.9$j101222$nBK-PRI$b $qStampati$B101222$CPULBib$Z2$F101222 $HPUL95143 $81 852 $aPUL$W1$xSL Filosofia 1$y2$m86 I 32.8$j170258$av. 2$qStampati$B171037$CPULBib$Z2$F171037 $H126387 $81 941 1 $a8 996 $6020$a8842531693$9(OLS)http://pul/number/103685 996 $6020$a978-88-425-4308-4 (v. 2)$9(OLS)http://pul/number/158889 996 $6245$aEstetica dell'idealismo tedesco$9(OLS)http://pul/title/103442 996 $6740$aGoethe e Schelling$9(OLS)http://pul/title/185943 996 $6740$aFichte e Novalis$9(OLS)http://pul/title/185944 996 $6260$aMilano :$bMursia$9(OLS)http://pul/publisher/52430 LEADER 01513nam a2200313 u 4500 001 000000079104 003 CaOOAMICUS 005 20070226123513.0 008 040526s2001 fr u000 u fre u 020 $a2711614913 035 $a10996799 040 $aPUL$bita 100 1 $aLévinas, Emmanuel,$d1906-1995.$0(OLS)http://pul/name/11641 245 10$aEn découvrant l'existence avec Husserl et Heidegger ; :$bédition suivie d'Essais Nouveaux /$cEmmanuel Levinas. 250 $a3e édition corrigée. 260 $aParis :$bLibrairie Philosophique J. Vrin,$c2001. 300 $a330 p. ;$c18 cm 490 1 $aBibliothèque d'histoire de la philosophie 504 $aBibliografia in nota. 600 14$aHusserl, Edmund,$d1859-1938$xCritica e interpretazione.$0(OLS)http://pul/subject/19387 600 14$aHeidegger, Martin,$d1889-1976$xCritica e interpretazione.$0(OLS)http://pul/subject/4941 650 4$aFilosofia.$0(OLS)http://pul/subject/362 830 0$aBibliothèque d'histoire de la philosophie.$0(OLS)http://pul/title/11553 850 $aPUL 852 $aPUL$W1$xSL Filosofia 1$y2$m86 D 106$j101305$nBK-PRI$b $qStampati$B101305$CPULBib$Z2$F101305 $HPUL88827 $81 941 1 $a8 996 $6020$a2711614913$9(OLS)http://pul/number/103821 996 $6245$aEn découvrant l'existence avec Husserl et Heidegger ; :$bédition suivie d'Essais Nouveaux$9(OLS)http://pul/title/103552 996 $6260$aParis :$bLibrairie Philosophique J. Vrin$9(OLS)http://pul/publisher/49881